000 00576nam a2200241 a 4500
001 nice12345678
003 IN_TiNIC
005 20260116011307.0
008 050524s1959 boma grp 000 0 eng
020 _a
_c0
082 0 0 _a922.97
_bKAB
100 _aKabir, Humayun
245 _aMaulana Abul Kalam Azad
_b a Memorial Volume
260 _aBombay
_bAsia Press
_c1959
300 _a241p
500 _aincludes index and biblioraphy
505 2 _aIndex
650 _aAbul Kalam Azad
700 1 _aKabir, Humayun
902 _bSRS
942 _cBK
999 _c243
_d243